Porovnanie prístupov k riadeniu sústavy TOM1A

Gespeichert in:
Bibliographische Detailangaben
1. Verfasser: Cabadaj, Tomáš (Verfasst von)
Weitere Verfasser: Huba, Mikuláš (Betreuung Doktorarbeit)
Format: Manuskript Buch
Sprache:Slowakisch
Veröffentlicht: Bratislava : STU v Bratislave FEI, 2022
Schlagworte:
Online-Zugang:https://opac.crzp.sk/?fn=detailBiblioFormChildK6LN1&sid=378281AEB05FBF71763CC5A6EBFA&seo=CRZP-detail-kniha
Tags: Tag hinzufügen
Keine Tags, Fügen Sie das erste Tag hinzu!

MARC

LEADER 00000ntm a22000003a 4500
001 stuzp82580
003 SK-STU
005 20230221100004.8
007 ta
008 150427s2015----xo-----f-mn---000-0-slo-d
040 |a STU  |b slo 
041 0 |a slo 
044 |a xo 
100 1 |a Cabadaj, Tomáš  |u 030400  |4 aut  |U FEI Fakulta elektrotechniky a informatiky  |T FEI Ústav automobilovej mechatroniky  |X 92424  |U E400  |Y 642  |7 92424 
242 0 1 |a Comparing approaches to TOM1A control  |y eng 
245 1 0 |a Porovnanie prístupov k riadeniu sústavy TOM1A 
260 |a Bratislava :  |b STU v Bratislave FEI,  |c 2022 
300 |a 63 s., príl. 
650 4 |a TOM1A  |2 slo 
650 4 |a PID  |2 slo 
650 4 |a FPID  |2 slo 
650 4 |a automatické riadenie  |2 slo 
650 4 |a ADRC  |2 slo 
650 4 |a Stavový regulátor  |2 slo 
650 4 |a TOM1A  |2 eng 
650 4 |a automatic control  |2 eng 
650 4 |a FPID  |2 eng 
650 4 |a ADRC  |2 eng 
650 4 |a PID  |2 eng 
650 4 |a State controller  |2 eng 
700 1 |a Huba, Mikuláš  |u 030400  |k Z8  |4 ths  |U FEI Fakulta elektrotechniky a informatiky  |T FEI Ústav automobilovej mechatroniky  |X 2076  |U E400  |Y 642  |7 A000002076 
856 4 |u https://opac.crzp.sk/?fn=detailBiblioFormChildK6LN1&sid=378281AEB05FBF71763CC5A6EBFA&seo=CRZP-detail-kniha